Statistics for Word Scramble - Italian Cities

Click here to take the quiz!

General Stats

  • This quiz has been taken 83 times
  • The average score is 10 of 15

Answer Stats

City% Correct
Ferrara
100%
Ravenna
100%
Rome
100%
Turin
100%
Milan
90%
Pisa
86%
Venice
86%
Como
83%
Parma
83%
Lecce
80%
Syracuse
80%
Cagliari
75%
Genoa
75%
Pescara
75%
Bologna
71%
Rimini
71%
Naples
67%
Verona
67%
Vicenza
67%
Ancona
63%
Brindisi
63%
Livorno
63%
Monza
63%
Palermo
63%
Trieste
63%
Bari
60%
Foggia
57%
Modena
57%
Padua
57%
Ragusa
56%
Bergamo
50%
Florence
50%
Imola
50%
Messina
50%
Salerno
50%
Udine
50%
Brescia
43%
Perugia
33%
Siena
33%
Tarento
29%
Catania
20%
Prato
14%

Score Distribution

Percentile by Number Answered

Percent of People with Each Score

Your Score History

You have not taken this quiz